Central Library OPAC University of Rajshahi

কবীন্দ্র মহাভারত : (Record no. 39259)

MARC details
000 -LEADER
fixed length control field 01496nam a2200313 a 4500
001 - CONTROL NUMBER
control field 39259
003 - CONTROL NUMBER IDENTIFIER
rucl marc code BD-RjUL
005 - DATE AND TIME OF LATEST TRANSACTION
control field 20211209052943.0
008 - FIXED-LENGTH DATA ELEMENTS--GENERAL INFORMATION
fixed length control field 160406s1999 bg ||||e |||| 000 0 ben d
020 ## - INTERNATIONAL STANDARD BOOK NUMBER
International Standard Book Number 9840739530 (V-1)
Terms of availability : Tk.600.00
International Standard Book Number 9840738426 (V-2)
Terms of availability : Tk.550.00
035 ## - SYSTEM CONTROL NUMBER
System control number (BD-RjUL)39371
040 ## - CATALOGING SOURCE
Original cataloging agency BD-RjUL
Language of cataloging ben
Transcribing agency BD-RjUL
041 ## - LANGUAGE CODE
Language code of text/sound track or separate title ben
082 ## - DEWEY DECIMAL CLASSIFICATION NUMBER
Edition number 23
Classification number 294.5923
Author mark and year DAK 1999
100 ## - MAIN ENTRY--PERSONAL NAME
Personal name দাস, কবীন্দ্র পরমেশ্বর
9 (RLIN) 120959
245 10 - TITLE STATEMENT
Title কবীন্দ্র মহাভারত :
Remainder of title লিপিতাত্ত্বিক-ভাষাতাত্ত্বিক সমীক্ষা ও সংস্কৃত মহাভারতের সঙ্গে তুলনা /
Statement of responsibility, etc. কবীন্দ্র পরমেশ্বর দাস ,সংগ্রাহক ডক্টর কল্পনা ভৌমিক
260 ## - PUBLICATION, DISTRIBUTION, ETC. (IMPRINT)
Place of publication, distribution, etc. ঢাকা :
Name of publisher, distributor, etc. বাংলা একাডেমী,
Date of publication, distribution, etc. ১৯৯৯.
300 ## - PHYSICAL DESCRIPTION
Pagination খন্ড :
Illustrations চিত্র ;
Size ২৩ সেমি.
490 ## - SERIES STATEMENT
Series statement বাএ
Volume/sequential designation ৩৯৪৪
Series statement বাএ
Volume/sequential designation ৩৮৪০
500 ## - GENERAL NOTE
General note পরিশিষ্ট সংযুক্ত
504 ## - BIBLIOGRAPHY, ETC. NOTE
Bibliography, etc শব্দসূচি সংযুক্ত
505 ## - FORMATTED CONTENTS NOTE
Formatted contents note খন্ড ১ - - খন্ড ২ - -
650 ## - SUBJECT ADDED ENTRY--TOPICAL TERM
Topical term or geographic name as entry element মহাভারত
9 (RLIN) 120944
Topical term or geographic name as entry element Mahabharata
9 (RLIN) 121458
700 ## - ADDED ENTRY--PERSONAL NAME
Personal name ভৌমিক, কল্পনা [সংগ্রাহক]
942 ## - ADDED ENTRY ELEMENTS (KOHA)
Source of classification or shelving scheme Dewey Decimal Classification
Koha item type Books
Holdings
Lost status Source of classification or shelving scheme Damaged status Not for loan Collection code Permanent Location Current Location Shelving location Date acquired Source of acquisition Cost, normal purchase price Total Checkouts Full call number Date last seen Copy number Koha item type Date checked out
  Dewey Decimal Classification   Not For Loan Non-fiction Central Library, University of Rajshahi Central Library, University of Rajshahi Reading Room 24/06/2013 Bangla Academy, Dhaka 600.00   B 294.5923 DAK V-1 1999 06/04/2016 C-1 Books  
  Dewey Decimal Classification     Non-fiction Central Library, University of Rajshahi Central Library, University of Rajshahi   24/06/2013 Bangla Academy, Dhaka 600.00   B 294.5923 DAK V-1 1999 06/04/2016 C-2 Books  
  Dewey Decimal Classification     Non-fiction Central Library, University of Rajshahi Central Library, University of Rajshahi   24/06/2013 Bangla Academy, Dhaka 600.00   B 294.5923 DAK V-1 1999 06/04/2016 C-3 Books  
  Dewey Decimal Classification   Not For Loan Non-fiction Central Library, University of Rajshahi Central Library, University of Rajshahi Reading Room 24/06/2013 Bangla Academy, Dhaka 550.00   B 294.5923 DAK V-2 1999 06/04/2016 C-1 Books  
  Dewey Decimal Classification     Non-fiction Central Library, University of Rajshahi Central Library, University of Rajshahi   24/06/2013 Bangla Academy, Dhaka 550.00 1 B 294.5923 DAK V-2 1999 24/03/2018 C-2 Books 11/03/2018
  Dewey Decimal Classification     Non-fiction Central Library, University of Rajshahi Central Library, University of Rajshahi   24/06/2013 Bangla Academy, Dhaka 550.00   B 294.5923 DAK V-2 1999 06/04/2016 C-3 Books  
  Dewey Decimal Classification     Non-fiction Central Library, University of Rajshahi Central Library, University of Rajshahi   24/06/2013 Bangla Academy, Dhaka 550.00 1 B 294.5923 DAK V-1 1999 02/06/2018 C-4 Books 08/05/2018
  Dewey Decimal Classification     Non-fiction Central Library, University of Rajshahi Central Library, University of Rajshahi   16/08/2009 Bangla Academy, Dhaka 550.00   B 294.5923 DAK V-2 1999 24/09/2016 C-4 Books